000 00384pab a2200157 454500
008 180718b2006 xxu||||| |||| 00| 0 eng d
245 _aPRIME Minister outlines priorities for the 11th plan
260 _c2006
300 _ap.46-48.
362 _aDec
650 _aEleventh Five Year Plan
650 _aEconomic planning
773 _aKurukshetra
908 _aN
909 _a72304
999 _c72304
_d72304